[Event "4NCL Online Division 4"]
[Site "online"]
[Date "2021.11.02"]
[EventDate "2021.11.02"]
[Round "6.72"]
[White "Edmundson, Deborah"]
[WhiteElo "1329"]
[WhiteTeam "Bishop Knights"]
[Black "Kumar, Sanjit S"]
[BlackElo "1677"]
[BlackTeam "KCS U13A"]
[Result "0-1"]
[PlyCount "60"]

1. Nf3 e6 2. c4 d5 3. e3 c6 4. a3 Bd6 5. Nc3 Nf6 6. Be2 e5 7. d4 e4 8. Nd2 O-O 9. f3 exf3 10. Nxf3 Bf5 11. c5 Bc7 12. Nh4 Be4 13. Bf3 Ng4 14. g3 Nxh2 15. Nxe4 dxe4 16. Bxe4 Bxg3+ 17. Ke2 Qxh4 18. Bf3 Qf6 19. Rf1 Nxf1 20. Qxf1 Nd7 21. Bd2 Rfe8 22. Qh3 Qxd4 23. Qxg3 Nxc5 24. Bh5 Qd3+ 25. Ke1 Ne4 26. Bxf7+ Kxf7 27. Qf3+ Kg8 28. Qg2 Nxd2 29. Qxd2 Rxe3+ 30. Kd1 Rd8 0-1

[Event "4NCL Online Division 4"]
[Site "online"]
[Date "2021.11.02"]
[EventDate "2021.11.02"]
[Round "6.73"]
[White "Patel, Zain"]
[WhiteElo "1571"]
[WhiteTeam "KCS U13A"]
[Black "Burnett, John"]
[BlackElo "1181"]
[BlackTeam "Bishop Knights"]
[Result "1-0"]
[PlyCount "47"]

1. d4 d5 2. c4 Nc6 3. cxd5 Qxd5 4. Nf3 Bg4 5. Nc3 Qd7 6. e3 O-O-O 7. Be2 Bf5 8. O-O h6 9. Bb5 a6 10. Ne5 Qe6 11. Nxc6 bxc6 12. Bxa6+ Kb8 13. e4 c5 14. Qa4 Bxe4 15. dxc5 Qc6 16. Qb4+ Ka7 17. Qa5 Qxa6 18. Nb5+ Kb7 19. Qxc7+ Ka8 20. Qxd8+ Kb7 21. a4 Qc6 22. Bf4 Qxc5 23. Qb8+ Kc6 24. Qc8+ 1-0

[Event "4NCL Online Division 4"]
[Site "online"]
[Date "2021.11.02"]
[EventDate "2021.11.02"]
[Round "6.74"]
[White "Edmundson, Mark"]
[WhiteElo "902"]
[WhiteTeam "Bishop Knights"]
[Black "Poghosyan, Jake"]
[BlackElo "1488"]
[BlackTeam "KCS U13A"]
[Result "0-1"]
[PlyCount "126"]

1. d4 Nf6 2. c4 g6 3. Nf3 Bg7 4. g3 O-O 5. Nc3 d6 6. Bg2 c5 7. O-O Na6 8. a3 cxd4 9. Nxd4 Nc7 10. Ncb5 Nxb5 11. Nxb5 a6 12. Nc3 Qc7 13. b3 Ne8 14. Bb2 Qb6 15. Rb1 Bf5 16. e4 Bd7 17. Nd5 Qd8 18. Bxg7 Kxg7 19. Qd4+ e5 20. Qd2 f5 21. Bh3 Ra7 22. exf5 Bxf5 23. Bxf5 Rxf5 24. Ne3 Rf8 25. Ng4 Nf6 26. Qh6+ Kg8 27. Qh3 Nxg4 28. Qxg4 b6 29. Rbd1 Rf6 30. Qg5 Rd7 31. b4 h6 32. Qxh6 Rh7 33. Qg5 Qe7 34. f4 Rh5 35. Qg4 Qh7 36. Qc8+ Kg7 37. h4 exf4 38. Qd7+ Rf7 39. Qxd6 Rhf5 40. Rxf4 Rxf4 41. gxf4 Qxh4 42. Qd4+ Kh7 43. f5 Qg5+ 44. Kf2 Rxf5+ 45. Ke2 Qg2+ 46. Kd3 Rf3+ 47. Ke4 Rxa3+ 48. Ke5 Qe2+ 49. Kd5 Rh3 50. Kc6 Rh6 51. Qd7+ Kh8 52. Qd8+ Kg7 53. Qd7+ Kf6 54. Qd6+ Kf5 55. Rd5+ Kg4 56. Qd7+ Kh4 57. Rd4+ Kh5 58. Qg4+ Qxg4 59. Rxg4 Kxg4 60. Kxb6 g5+ 61. Kc5 Kf3 62. b5 axb5 63. Kxb5 g4 0-1

[Event "4NCL Online Division 4"]
[Site "online"]
[Date "2021.11.02"]
[EventDate "2021.11.02"]
[Round "6.81"]
[White "Nandi, Asoke K"]
[WhiteElo "1407"]
[WhiteTeam "Uxbridge Cyclones"]
[Black "Buswell, A Mark"]
[BlackElo "1761"]
[BlackTeam "Hertford 2"]
[Result "0-1"]
[PlyCount "92"]

1. e4 e5 2. Nf3 Nc6 3. d4 exd4 4. Nxd4 Bc5 5. c3 Qf6 6. Be3 Nge7 7. Be2 O-O 8. O-O d5 9. Nxc6 Qxc6 10. exd5 Nxd5 11. Bxc5 Qxc5 12. Bf3 Be6 13. Nd2 c6 14. Qc2 Nf6 15. b3 Bf5 16. Qc1 Rad8 17. c4 Rfe8 18. Re1 Rxe1+ 19. Qxe1 Qb4 20. Nf1 Qxe1 21. Rxe1 Kf8 22. h3 Be6 23. Ne3 Rd2 24. Re2 Rxe2 25. Bxe2 Ne4 26. Bd3 Nc5 27. Bc2 a5 28. f3 g6 29. Kf2 b5 30. cxb5 cxb5 31. Ke2 Ke7 32. Kf2 Kd6 33. g4 Ke5 34. Ke2 Kf4 35. Kf2 h5 36. Ng2+ Ke5 37. Ne3 Kd4 38. Nd1 h4 39. Ke2 a4 40. b4 Bc4+ 41. Kd2 Ne6 42. Nf2 Bxa2 43. Bd3 Bc4 44. Bc2 Nf4 45. Bb1 a3 46. Kc1 a2 0-1

[Event "4NCL Online Division 4"]
[Site "online"]
[Date "2021.11.02"]
[EventDate "2021.11.02"]
[Round "6.82"]
[White "Wooster, Nick"]
[WhiteElo "1643"]
[WhiteTeam "Hertford 2"]
[Black "Hasan, Abu"]
[BlackElo "1402"]
[BlackTeam "Uxbridge Cyclones"]
[Result "1-0"]
[PlyCount "101"]

1. d4 Nf6 2. c4 e5 3. dxe5 Ng4 4. Nf3 Bc5 5. e3 Nc6 6. Be2 Ncxe5 7. O-O Nxf3+ 8. Bxf3 Ne5 9. b3 Qf6 10. Ba3 Nxf3+ 11. Qxf3 Qxf3 12. gxf3 Bxa3 13. Nxa3 d6 14. Nb5 Kd7 15. Rad1 a6 16. Nc3 b6 17. Rd2 Bb7 18. e4 f5 19. Rfd1 Rae8 20. Nd5 Kc8 21. exf5 Kb8 22. Kg2 Rhf8 23. Rd3 Rxf5 24. Kf1 Rh5 25. Kg1 Ree5 26. f4 Re8 27. Rg3 Bxd5 28. cxd5 g6 29. Re3 Rf8 30. Re4 Rh4 31. Rdd4 Ka7 32. Kg2 Rh5 33. Kg3 Rhf5 34. h4 a5 35. Re7 R5f7 36. Ree4 Ka6 37. a4 Rxf4 38. Rxf4 Rxf4 39. Kxf4 b5 40. axb5+ Kxb5 41. Ke4 Kc5 42. f4 c6 43. Rc4+ Kb5 44. dxc6 a4 45. Rxa4 Kxc6 46. Kd4 Kb6 47. Kd5 Kc7 48. b4 h6 49. Ra6 Kb7 50. Rxd6 Kc7 51. Rxg6 1-0

[Event "4NCL Online Division 4"]
[Site "online"]
[Date "2021.11.02"]
[EventDate "2021.11.02"]
[Round "6.83"]
[White "Gauri, Dhairye"]
[WhiteElo "1347"]
[WhiteTeam "Uxbridge Cyclones"]
[Black "Marshall, Duncan"]
[BlackElo "1652"]
[BlackTeam "Hertford 2"]
[Result "0-1"]
[PlyCount "50"]

1. e4 c6 2. Bc4 d5 3. exd5 cxd5 4. Bb3 Nf6 5. Nc3 Bg4 6. Nf3 e6 7. a3 Be7 8. O-O O-O 9. d3 Nc6 10. Be3 d4 11. Ne4 dxe3 12. fxe3 Nxe4 13. dxe4 Qb6 14. Qd3 Rad8 15. Qc3 Bxf3 16. Rxf3 Qc5 17. Qe1 Qe5 18. Rf4 Nd4 19. Rg4 Nxb3 20. cxb3 Qxb2 21. b4 Bf6 22. Rc1 Qe5 23. Rc5 Qd6 24. Qf2 Qd1+ 25. Qf1 Qxg4 0-1

[Event "4NCL Online Division 4"]
[Site "online"]
[Date "2021.11.02"]
[EventDate "2021.11.02"]
[Round "6.84"]
[White "Zsibrita, Steve"]
[WhiteElo "1496"]
[WhiteTeam "Hertford 2"]
[Black "Cepoi, Gesneria-Codruta"]
[BlackElo "1344"]
[BlackTeam "Uxbridge Cyclones"]
[Result "0-1"]
[PlyCount "94"]

1. d4 f5 2. Bg5 d5 3. e3 Nf6 4. Bxf6 exf6 5. f4 Nc6 6. Nc3 Be6 7. Qd2 g6 8. a3 Bg7 9. Nf3 a6 10. Be2 b5 11. Na2 O-O 12. O-O Na7 13. Nb4 a5 14. Nd3 Nc8 15. Nc5 Bd7 16. b3 Nd6 17. Qe1 Ne4 18. c4 c6 19. Rc1 Re8 20. cxd5 cxd5 21. Nd2 Bf8 22. Ndxe4 fxe4 23. h4 f5 24. h5 gxh5 25. Qg3+ Kh8 26. Kf2 h4 27. Qh3 Be7 28. Rh1 Rg8 29. Bxb5 Bxb5 30. Qxf5 Rf8 31. Qe5+ Bf6 32. Qh5 Be8 33. Qh6 Rg8 34. Ne6 Rg6 35. Qf8+ Rg8 36. Qc5 Qe7 37. Qb6 Bd7 38. Rc7 Rgb8 39. Rb7 Rxb7 40. Qxb7 Qe8 41. Nc5 Bc6 42. Qb6 Bd8 43. Nd7 Bxb6 44. Nxb6 Rb8 45. Na4 Bxa4 46. bxa4 Rb2+ 47. Kg1 Qh5 0-1

[Event "4NCL Online Division 4"]
[Site "online"]
[Date "2021.11.02"]
[EventDate "2021.11.02"]
[Round "6.91"]
[White "Smith, Andrew R"]
[WhiteElo "1692"]
[WhiteTeam "Morriston Benko"]
[Black "Rodrigo, Y Jan"]
[BlackElo "1714"]
[BlackTeam "Cornish Pirates"]
[Result "1-0"]
[PlyCount "73"]

1. e4 d6 2. d4 Nf6 3. Nc3 Nbd7 4. Nf3 e5 5. Bc4 Be7 6. O-O h6 7. h3 c6 8. Re1 Qc7 9. Be3 g5 10. Nh2 Nf8 11. dxe5 dxe5 12. Qf3 Ng6 13. Rad1 Rg8 14. Rd2 Nf4 15. Bxf4 gxf4 16. Red1 h5 17. a3 Rg7 18. b4 b5 19. Bb3 Bd7 20. Ne2 O-O-O 21. c4 Rdg8 22. g3 Bxh3 23. cxb5 Qb6 24. Kh1 fxg3 25. fxg3 Qxb5 26. Nc3 Qb6 27. Na4 Qb5 28. Nc3 Qa6 29. Ne2 Kc7 30. a4 Bxb4 31. Qxf6 Bxd2 32. Qxe5+ Kc8 33. Rxd2 h4 34. g4 Qb6 35. Bxf7 Qf2 36. Qe6+ Kb8 37. Rb2+ 1-0

[Event "4NCL Online Division 4"]
[Site "online"]
[Date "2021.11.02"]
[EventDate "2021.11.02"]
[Round "6.92"]
[White "Robinson, Neil"]
[WhiteElo "1711"]
[WhiteTeam "Cornish Pirates"]
[Black "Williams, Luke"]
[BlackElo "1658"]
[BlackTeam "Morriston Benko"]
[Result "1-0"]
[PlyCount "177"]

1. d4 Nf6 2. c4 e6 3. Nc3 Bb4 4. e3 Bxc3+ 5. bxc3 c6 6. Bd3 d5 7. cxd5 exd5 8. Ba3 Bg4 9. Ne2 Nbd7 10. O-O Qc7 11. Qc2 Bxe2 12. Bxe2 c5 13. Rfc1 O-O 14. Rab1 b6 15. Qb2 Rfe8 16. c4 Rab8 17. Bf3 dxc4 18. Qb5 cxd4 19. Rxc4 Qe5 20. Rxd4 Qxb5 21. Rxb5 Rbc8 22. h3 h6 23. Bd1 Ne5 24. Rb1 Nc4 25. Bb4 a5 26. Bb3 b5 27. Bxc4 bxc4 28. Bxa5 c3 29. Rc1 Ne4 30. f3 Ng3 31. Kf2 Nf5 32. Rd3 c2 33. e4 Re5 34. Bb4 Rb5 35. a3 Ne7 36. Rd2 Kf8 37. Rdxc2 Rxc2+ 38. Rxc2 Ke8 39. Bxe7 Kxe7 40. Rd2 Ra5 41. Rd3 Rb5 42. a4 Rb6 43. a5 Rb2+ 44. Kg3 Ra2 45. Rd5 Ke6 46. f4 g6 47. Rb5 Ra3+ 48. Kg4 h5+ 49. Kh4 Ra4 50. Rb6+ Kd7 51. a6 Rxe4 52. Rb7+ Ke6 53. Kg3 Ra4 54. a7 Kf5 55. Rxf7+ Ke6 56. Rg7 Kf6 57. Rc7 Kf5 58. Kh2 Ra3 59. Rf7+ Ke6 60. Rc7 Kf5 61. g3 Ra2+ 62. Kg1 Kf6 63. Kf1 Ke6 64. Ke1 Kf5 65. Rf7+ Ke6 66. Rg7 Kf6 67. Rc7 Kf5 68. Kd1 Ke4 69. Kc1 Kf3 70. Rc3+ Ke4 71. Rc7 Kf3 72. Kb1 Ra6 73. Kb2 Kxg3 74. Rc3+ Kxf4 75. Ra3 Rb6+ 76. Ka2 Re6 77. a8=Q Re2+ 78. Kb3 Re3+ 79. Kc4 Re4+ 80. Kd3 Re3+ 81. Kd4 Rxa3 82. Qxa3 Kg5 83. Ke5 h4 84. Qf3 Kh6 85. Kf6 Kh7 86. Qg4 Kh8 87. Qg5 Kh7 88. Qxg6+ Kh8 89. Qg7# 1-0

[Event "4NCL Online Division 4"]
[Site "online"]
[Date "2021.11.02"]
[EventDate "2021.11.02"]
[Round "6.93"]
[White "Salisbury, Philip"]
[WhiteElo "1485"]
[WhiteTeam "Morriston Benko"]
[Black "Miller, Daniel"]
[BlackElo "1592"]
[BlackTeam "Cornish Pirates"]
[Result "1-0"]
[PlyCount "89"]

1. d4 d5 2. e4 dxe4 3. Nc3 c5 4. d5 Nf6 5. f3 exf3 6. Qxf3 Bg4 7. Qd3 a6 8. Bg5 Nbd7 9. h3 Bh5 10. Qe3 Qc7 11. g4 Bg6 12. Bf4 Qb6 13. O-O-O h5 14. g5 Ng8 15. d6 e6 16. Nd5 Qa5 17. Nc7+ Kd8 18. Nxa8 Qxa2 19. Qa3 Qxa3 20. bxa3 e5 21. Be3 Be4 22. Rh2 g6 23. Bg2 Bxg2 24. Rxg2 h4 25. Rf2 f5 26. gxf6 Ngxf6 27. Bg5 Bh6 28. Bxh6 Rxh6 29. Nc7 Ne4 30. Ne6+ Ke8 31. Rf3 Nxd6 32. Rxd6 Ke7 33. Rfd3 e4 34. Rxd7+ Kxe6 35. Rd1 Rh5 36. Rxb7 Kf5 37. Rd5+ Kf4 38. Rxh5 gxh5 39. Kd1 Ke3 40. Ke1 Kd4 41. Ra7 Kc3 42. Rxa6 c4 43. Kd1 e3 44. Ra8 Kb2 45. a4 1-0

[Event "4NCL Online Division 4"]
[Site "online"]
[Date "2021.11.02"]
[EventDate "2021.11.02"]
[Round "6.94"]
[White "Jiménez Patiño, Manuel David"]
[WhiteElo "1620"]
[WhiteTeam "Cornish Pirates"]
[Black "Giannini, John"]
[BlackElo "850"]
[BlackTeam "Morriston Benko"]
[Result "1-0"]
[PlyCount "95"]

1. c4 d5 2. cxd5 Qxd5 3. Nc3 Qd8 4. g3 Nf6 5. Bg2 Nc6 6. Nf3 e6 7. a3 Bd6 8. O-O O-O 9. b4 a6 10. Bb2 Be7 11. e3 h6 12. d4 Bd6 13. Nd2 Re8 14. Rc1 Qd7 15. Na4 Bf8 16. Nc5 Bxc5 17. Rxc5 Qd6 18. Qb3 Bd7 19. Ne4 Nxe4 20. Bxe4 f6 21. Rfc1 Rac8 22. Qc2 Re7 23. Qb3 Kh8 24. a4 f5 25. Bg2 g6 26. d5+ Kh7 27. dxc6 bxc6 28. Bxc6 Bxc6 29. Rxc6 Qd7 30. Qc4 h5 31. Rxa6 Rf7 32. Qxe6 Qxe6 33. Rxe6 Rd7 34. Rec6 Kh6 35. Be5 Rd2 36. Rxc7 Rxc7 37. Rxc7 Rd1+ 38. Kg2 Rb1 39. b5 Rb4 40. Ra7 Re4 41. Bd4 Rg4 42. b6 h4 43. b7 h3+ 44. Kxh3 Rg5 45. b8=Q Rh5+ 46. Kg2 Kg5 47. Qd8+ Kg4 48. f3# 1-0

[Event "4NCL Online Division 4"]
[Site "online"]
[Date "2021.11.02"]
[EventDate "2021.11.02"]
[Round "6.101"]
[White "Pettinger, Martin"]
[WhiteElo "1759"]
[WhiteTeam "Ashfield Anonymous C"]
[Black "Suyal, Nivedita"]
[BlackElo "1072"]
[BlackTeam "Phones Pals B"]
[Result "1-0"]
[PlyCount "51"]

1. e4 e5 2. Bc4 Nf6 3. d3 Nc6 4. Nf3 h6 5. c3 Bc5 6. b4 Bb6 7. b5 Na5 8. Nxe5 Nxc4 9. Nxc4 Bc5 10. Be3 Be7 11. e5 Nd5 12. Qg4 Nxe3 13. Nxe3 Rg8 14. Qe4 d6 15. d4 Rb8 16. O-O g6 17. f4 h5 18. c4 dxe5 19. fxe5 Bd7 20. Nc3 c6 21. Qf3 Rf8 22. Ne4 cxb5 23. Nd5 bxc4 24. Ndf6+ Bxf6 25. Nd6+ Ke7 26. Qxf6# 1-0

[Event "4NCL Online Division 4"]
[Site "online"]
[Date "2021.11.02"]
[EventDate "2021.11.02"]
[Round "6.102"]
[White "Lukhi, Neev"]
[WhiteElo "970"]
[WhiteTeam "Phones Pals B"]
[Black "Morgan, Philip D"]
[BlackElo "1786"]
[BlackTeam "Ashfield Anonymous C"]
[Result "1/2-1/2"]
[PlyCount "50"]

1. d4 d5 2. Bf4 Nf6 3. Nf3 e6 4. e3 Bd6 5. Bg3 O-O 6. Nbd2 b6 7. c3 Bb7 8. Bd3 Nbd7 9. Ne5 Ne4 10. Nxe4 dxe4 11. Bc2 Nf6 12. O-O g6 13. Ng4 Nxg4 14. Qxg4 f5 15. Qe2 a5 16. Rad1 Bxg3 17. fxg3 Qe7 18. Qd2 Rfd8 19. c4 c5 20. Rfe1 Qf6 21. Bb3 a4 22. Bc2 Bc6 23. b3 b5 24. Qf2 bxc4 25. bxc4 Qe7 1/2-1/2

[Event "4NCL Online Division 4"]
[Site "online"]
[Date "2021.11.02"]
[EventDate "2021.11.02"]
[Round "6.104"]
[White "Srivastava, Aditya"]
[WhiteElo "654"]
[WhiteTeam "Phones Pals B"]
[Black "Bentley, Alex"]
[BlackElo "1726"]
[BlackTeam "Ashfield Anonymous C"]
[Result "1/2-1/2"]
[PlyCount "103"]

1. d4 Nf6 2. Bf4 c5 3. dxc5 Qa5+ 4. Nc3 Qxc5 5. Nf3 Nc6 6. e3 g6 7. Be2 Bg7 8. Qd2 a6 9. Nd4 O-O 10. Nb3 Qa7 11. h4 h5 12. e4 d6 13. O-O-O b5 14. f3 Be6 15. g4 Rac8 16. Bh6 Ne5 17. Bxg7 Kxg7 18. gxh5 Nxh5 19. f4 Nc4 20. Bxc4 Bxc4 21. f5 a5 22. Rdg1 Bxb3 23. axb3 a4 24. Nxb5 Qc5 25. Qd4+ Qxd4 26. Nxd4 axb3 27. c3 Nf4 28. Kd2 Rb8 29. h5 Rh8 30. hxg6 Rxh1 31. Rxh1 fxg6 32. fxg6 Nxg6 33. Nf5+ Kf6 34. Ke3 Ra8 35. Rf1 Ke6 36. Nd4+ Kd7 37. Nxb3 Rb8 38. Nd4 Rxb2 39. Ra1 Rb7 40. Rg1 Ne5 41. Rg7 Rc7 42. Nf5 Ke6 43. Kd2 Kf6 44. Rh7 Nf7 45. Ne3 Ng5 46. Nd5+ Kg6 47. Rxe7 Rxe7 48. Nxe7+ Kf7 49. Nc8 Nxe4+ 50. Kd3 Nxc3 51. Nxd6+ Ke6 52. Kxc3 1/2-1/2

[Event "4NCL Online Division 4"]
[Site "online"]
[Date "2021.11.02"]
[EventDate "2021.11.02"]
[Round "6.112"]
[White "Knight, Samuel"]
[WhiteElo "1317"]
[WhiteTeam "Uxbridge Destroyers"]
[Black "Wilkinson, James P"]
[BlackElo "1714"]
[BlackTeam "Shropshire and Friends 4"]
[Result "0-1"]
[PlyCount "120"]

1. d4 Nf6 2. Bf4 d6 3. e3 g6 4. Nf3 Bg7 5. c4 Nh5 6. Bg3 Nxg3 7. hxg3 c5 8. Nc3 Nc6 9. Rc1 Bg4 10. dxc5 dxc5 11. Qxd8+ Rxd8 12. Be2 O-O 13. Rc2 Nb4 14. Rc1 Bxc3+ 15. Rxc3 Nxa2 16. Ra3 Nb4 17. Rxa7 Nc2+ 18. Kf1 Ra8 19. Rxa8 Rxa8 20. Kg1 Ra2 21. b3 Nxe3 22. fxe3 Rxe2 23. Nh2 Re1+ 24. Nf1 Be2 25. Kf2 Rxf1+ 26. Rxf1 Bxf1 27. Kxf1 Kg7 28. Ke2 f5 29. Kf3 h5 30. e4 Kf6 31. Kf4 g5+ 32. Kf3 Ke5 33. exf5 Kxf5 34. Ke3 Kg4 35. Ke4 Kxg3 36. Kd5 Kxg2 37. Kxc5 h4 38. Kb6 h3 39. Kxb7 h2 40. c5 h1=Q 41. c6 Kf2 42. b4 Qd5 43. Kb6 g4 44. c7 Qa8 45. b5 g3 46. Kc5 g2 47. b6 Qb7 48. Kb5 g1=Q 49. Ka5 Qa1+ 50. Kb5 Qb1+ 51. Kc5 Q1xb6+ 52. Kc4 Q7xc7+ 53. Kd5 Qcd6+ 54. Ke4 Qb3 55. Kf5 Qf6+ 56. Ke4 Qe3+ 57. Kd5 Qd6+ 58. Kc4 Qec5+ 59. Kb3 Qdb6+ 60. Ka4 Qca5# 0-1

[Event "4NCL Online Division 4"]
[Site "online"]
[Date "2021.11.02"]
[EventDate "2021.11.02"]
[Round "6.113"]
[White "Hilditch-Love, Daniel"]
[WhiteElo "1704"]
[WhiteTeam "Shropshire and Friends 4"]
[Black "Morton, Samuel"]
[BlackElo "1300"]
[BlackTeam "Uxbridge Destroyers"]
[Result "1-0"]
[PlyCount "119"]

1. Nf3 d5 2. c4 Be6 3. cxd5 Bxd5 4. e3 Nf6 5. Nc3 e6 6. d4 Bb4 7. Bd3 Ne4 8. Qc2 O-O 9. Bxe4 Bc4 10. Bxb7 Na6 11. Bxa8 Qxa8 12. b3 Bd5 13. Ke2 Bxc3 14. Qxc3 Qb7 15. Ba3 Qb5+ 16. Qd3 Rb8 17. Qxb5 Rxb5 18. Rac1 f6 19. Rhg1 Ra5 20. Bc5 Rxa2+ 21. Kd3 Bxb3 22. Bxa7 Ba4 23. Ra1 Bb5+ 24. Kc3 Rxf2 25. Nd2 Re2 26. Rge1 Rxg2 27. Reb1 Be2 28. Re1 Bb5 29. Rab1 c6 30. Ne4 Nc7 31. Rg1 Nd5+ 32. Kb3 Rxh2 33. Nc3 Rh3 34. Nxd5 exd5 35. Rge1 Kf7 36. Ra1 Bc4+ 37. Kc3 f5 38. Kb4 g5 39. Rh1 Rxe3 40. Rxh7+ Kg6 41. Rah1 f4 42. R1h6+ Kf5 43. Rf7+ Kg4 44. Rxc6 Re1 45. Rg6 Bd3 46. Rg8 Rh1 47. Bb8 f3 48. Rf4+ Kg3 49. Rxg5+ Kf2 50. Rxd5 Ke3 51. Rf8 f2 52. Rxf2 Kxf2 53. Kc3 Be4 54. Re5 Rc1+ 55. Kd2 Rc2+ 56. Kd1 Bg6 57. d5 Rc3 58. Rg5 Bc2+ 59. Kd2 Rc5 60. Ba7 1-0

[Event "4NCL Online Division 4"]
[Site "online"]
[Date "2021.11.02"]
[EventDate "2021.11.02"]
[Round "6.114"]
[White "Aggarwal, Jai"]
[WhiteElo "1301"]
[WhiteTeam "Uxbridge Destroyers"]
[Black "Nield, Robert C"]
[BlackElo "1700"]
[BlackTeam "Shropshire and Friends 4"]
[Result "0-1"]
[PlyCount "62"]

1. e4 e5 2. Nf3 Nc6 3. Bc4 Nf6 4. Ng5 d5 5. exd5 Na5 6. Bb5+ c6 7. dxc6 bxc6 8. Qf3 h6 9. Ne4 cxb5 10. Nxf6+ gxf6 11. Qxa8 Qd7 12. Qf3 Rg8 13. Nc3 Bb7 14. Ne4 Be7 15. Nxf6+ Bxf6 16. Qxf6 Rg6 17. Qxe5+ Re6 18. Qxe6+ Qxe6+ 19. Kf1 Qc6 20. Rg1 Qxc2 21. Ke2 Be4 22. Re1 Qd3+ 23. Kd1 Kf8 24. f3 Bd5 25. b3 Nxb3 26. Re2 Nxa1 27. Bb2 Qb1+ 28. Bc1 Qc2+ 29. Ke1 Qxc1+ 30. Kf2 Qc5+ 31. Kg3 Nc2 0-1

[Event "4NCL Online Division 4"]
[Site "online"]
[Date "2021.11.02"]
[EventDate "2021.11.02"]
[Round "6.121"]
[White "Cox, Lucian"]
[WhiteElo "1362"]
[WhiteTeam "MK Phoenix 3"]
[Black "Buanne, Luca"]
[BlackElo "1908"]
[BlackTeam "Battersea Juniors"]
[Result "0-1"]
[PlyCount "90"]

1. e4 c5 2. d4 cxd4 3. c3 dxc3 4. Nxc3 e6 5. Nf3 Bb4 6. Bc4 Ne7 7. O-O Bxc3 8. bxc3 O-O 9. Ba3 Nbc6 10. Qe2 Qa5 11. Qb2 d5 12. exd5 exd5 13. Rfe1 dxc4 14. Bxe7 Nxe7 15. Rxe7 Qc5 16. Rae1 b5 17. Re8 Bd7 18. Rxa8 Rxa8 19. Ne5 Re8 20. Qe2 f6 21. Nxd7 Rxe2 22. Rxe2 Qd6 23. Re1 Qxd7 24. g3 Qd2 25. Re8+ Kf7 26. Rb8 a6 27. Rb7+ Kg6 28. Ra7 b4 29. cxb4 c3 30. Rxa6 c2 31. Rc6 c1=Q+ 32. Rxc1 Qxc1+ 33. Kg2 Qa3 34. b5 Qxa2 35. b6 Qd5+ 36. Kh3 Qb7 37. f4 Qxb6 38. g4 Qf2 39. f5+ Kf7 40. g5 Qf3+ 41. Kh4 fxg5+ 42. Kxg5 h6+ 43. Kh4 Qxf5 44. h3 Qf4+ 45. Kh5 Qg5# 0-1

[Event "4NCL Online Division 4"]
[Site "online"]
[Date "2021.11.02"]
[EventDate "2021.11.02"]
[Round "6.122"]
[White "Ali, Shahvez"]
[WhiteElo "1801"]
[WhiteTeam "Battersea Juniors"]
[Black "Cox, David"]
[BlackElo "1251"]
[BlackTeam "MK Phoenix 3"]
[Result "1-0"]
[PlyCount "55"]

1. c4 e5 2. Nc3 Nc6 3. g3 f5 4. Bg2 Nf6 5. e3 d6 6. Nge2 Be7 7. O-O O-O 8. a3 Qe8 9. d4 e4 10. Nf4 h6 11. b4 Bd8 12. Bb2 Ne7 13. Qe2 c6 14. Qd2 g5 15. Nfe2 Qh5 16. Rac1 Ng4 17. h3 Nf6 18. d5 Qg6 19. dxc6 Bc7 20. Nb5 Bb8 21. c7 a6 22. cxb8=Q Rxb8 23. Nxd6 Be6 24. Qc3 Qh5 25. Nd4 Bd7 26. Nb3 f4 27. Nxe4 Nh7 28. Qg7# 1-0

[Event "4NCL Online Division 4"]
[Site "online"]
[Date "2021.11.02"]
[EventDate "2021.11.02"]
[Round "6.123"]
[White "Wayne, Steven"]
[WhiteElo "1189"]
[WhiteTeam "MK Phoenix 3"]
[Black "Steiners, Emils"]
[BlackElo "1713"]
[BlackTeam "Battersea Juniors"]
[Result "0-1"]
[PlyCount "58"]

1. d4 d5 2. c4 e6 3. Nf3 Nf6 4. g3 Be7 5. Bg2 c6 6. O-O O-O 7. Nc3 Nbd7 8. c5 b6 9. b4 a5 10. b5 Bb7 11. a4 bxc5 12. dxc5 Bxc5 13. e3 Bb4 14. Ne2 cxb5 15. Ba3 Bxa3 16. Rxa3 b4 17. Ra1 Ba6 18. Nfd4 Qb6 19. Rb1 Rfc8 20. Nb3 Nc5 21. Qd4 Bxe2 22. Rfc1 Ncd7 23. Rxc8+ Rxc8 24. Qxb6 Nxb6 25. Nxa5 Nxa4 26. Rxb4 Rc1+ 27. Bf1 h6 28. Rxa4 Bxf1 29. Rb4 Bh3# 0-1

[Event "4NCL Online Division 4"]
[Site "online"]
[Date "2021.11.02"]
[EventDate "2021.11.02"]
[Round "6.124"]
[White "Doyle, Joshua"]
[WhiteElo "1488"]
[WhiteTeam "Battersea Juniors"]
[Black "Cutler, Matthew"]
[BlackElo "1029"]
[BlackTeam "MK Phoenix 3"]
[Result "1-0"]
[PlyCount "35"]

1. e4 e5 2. Nf3 Nc6 3. Nc3 Nf6 4. Bc4 Nxe4 5. Nxe4 d5 6. Bd3 dxe4 7. Bxe4 Bd6 8. Bxc6+ bxc6 9. Qe2 O-O 10. O-O Re8 11. d3 c5 12. Qe4 Bd7 13. Ng5 f5 14. Qd5+ Kh8 15. Nf7+ Kg8 16. Nh6+ Kh8 17. Qg8+ Rxg8 18. Nf7# 1-0

[Event "4NCL Online Division 4"]
[Site "online"]
[Date "2021.11.02"]
[EventDate "2021.11.02"]
[Round "6.131"]
[White "Pearce, Mark"]
[WhiteElo "1750"]
[WhiteTeam "Hackney Hungry"]
[Black "Sarkar, Rian"]
[BlackElo "1539"]
[BlackTeam "Barnet Knights C"]
[Result "1-0"]
[PlyCount "65"]

1. e4 c5 2. Nc3 e6 3. f4 a6 4. Nf3 Qc7 5. d3 d6 6. g3 b5 7. Bg2 Bb7 8. O-O Nd7 9. f5 Ngf6 10. fxe6 fxe6 11. Ng5 e5 12. Ne6 Qb6 13. Kh1 h6 14. Nd5 Bxd5 15. exd5 Rg8 16. c4 Be7 17. b3 Nf8 18. a4 b4 19. a5 Qa7 20. Qf3 Nxe6 21. dxe6 Rc8 22. Qf5 Kd8 23. g4 Kc7 24. g5 hxg5 25. Bxg5 Rcf8 26. Bxf6 Rxf6 27. Qh7 Qb8 28. Rxf6 Bxf6 29. Rf1 Rh8 30. Qe4 Qc8 31. Qc6+ Kb8 32. Qb6+ Qb7 33. Qxb7# 1-0

[Event "4NCL Online Division 4"]
[Site "online"]
[Date "2021.11.02"]
[EventDate "2021.11.02"]
[Round "6.132"]
[White "Angelopoulos, Andreas"]
[WhiteElo "1477"]
[WhiteTeam "Barnet Knights C"]
[Black "Caceres de la Calle, Eduardo"]
[BlackElo "1687"]
[BlackTeam "Hackney Hungry"]
[Result "0-1"]
[PlyCount "52"]

1. d4 d5 2. c4 c6 3. Nc3 Nf6 4. Nf3 e6 5. e3 Bd6 6. b3 b6 7. Bb2 Bb7 8. cxd5 cxd5 9. Bd3 Nc6 10. O-O Rc8 11. Rc1 O-O 12. a3 e5 13. dxe5 Nxe5 14. Nxe5 Bxe5 15. Ba1 Qe7 16. b4 Qe6 17. Ne2 Bxa1 18. Rxa1 d4 19. Nxd4 Qd5 20. f3 Qg5 21. Qe2 Nd5 22. e4 Nf4 23. Qa2 Nxd3 24. Rad1 Qe3+ 25. Kh1 Qxd4 26. Qb1 Nf2+ 0-1

[Event "4NCL Online Division 4"]
[Site "online"]
[Date "2021.11.02"]
[EventDate "2021.11.02"]
[Round "6.133"]
[White "Burgoyne, Peter A"]
[WhiteElo "1665"]
[WhiteTeam "Hackney Hungry"]
[Black "Zholnin, Ivan"]
[BlackElo "1265"]
[BlackTeam "Barnet Knights C"]
[Result "0-1"]
[PlyCount "116"]

1. e4 e5 2. Nf3 Nc6 3. d4 exd4 4. Bc4 Nf6 5. e5 d5 6. Bb5 Ne4 7. Nxd4 Bd7 8. Nxc6 bxc6 9. Be2 Bc5 10. O-O Qh4 11. Be3 Bxe3 12. fxe3 Qg5 13. Qd4 c5 14. Qxd5 Qxe3+ 15. Kh1 O-O 16. Nc3 Nxc3 17. bxc3 Rad8 18. Bd3 Bb5 19. Qf3 Qxf3 20. Rxf3 c4 21. Be4 Rd2 22. Raf1 Bd7 23. h3 Be6 24. R1f2 Rxf2 25. Rxf2 Rd8 26. g4 Rd1+ 27. Kh2 Re1 28. Bf5 Rxe5 29. Rd2 g6 30. Bxe6 Rxe6 31. Rd7 Re2+ 32. Kg3 Rxc2 33. Rxc7 Rxc3+ 34. Kf4 Rxh3 35. Rxc4 Ra3 36. Rc2 Kg7 37. g5 h6 38. gxh6+ Kxh6 39. Rh2+ Kg7 40. Rb2 f6 41. Rb7+ Kh6 42. Rb1 Ra4+ 43. Ke3 g5 44. Rh1+ Rh4 45. Rc1 Ra4 46. Rc2 Kg6 47. Kf3 f5 48. Rc6+ Kh5 49. Rc2 g4+ 50. Kg2 f4 51. Rc5+ Kh4 52. Rc2 Ra3 53. Kh2 g3+ 54. Kh1 Kh3 55. Rh2+ Kg4 56. Rb2 f3 57. Rb4+ Kh3 58. Rb5 Rxa2 0-1

[Event "4NCL Online Division 4"]
[Site "online"]
[Date "2021.11.02"]
[EventDate "2021.11.02"]
[Round "6.134"]
[White "Sanfey, Peter"]
[WhiteElo "1219"]
[WhiteTeam "Barnet Knights C"]
[Black "Frankl, Mischa"]
[BlackElo "1716"]
[BlackTeam "Hackney Hungry"]
[Result "0-1"]
[PlyCount "68"]

1. e4 c5 2. Nf3 Nc6 3. Bb5 e6 4. O-O g6 5. Bxc6 bxc6 6. d3 Bg7 7. c3 d5 8. e5 Ne7 9. Re1 d4 10. a4 Rb8 11. Nbd2 dxc3 12. bxc3 Qxd3 13. Re3 Qd8 14. Qc2 O-O 15. Ba3 Nf5 16. Rd3 Qc7 17. Bxc5 Rd8 18. Rxd8+ Qxd8 19. Bxa7 Ra8 20. Bc5 Ba6 21. Ne4 Bd3 22. Qb3 Bxe4 23. Rd1 Qb8 24. Qa3 Bxf3 25. gxf3 Bxe5 26. Re1 Bxh2+ 27. Kf1 Bd6 28. Bxd6 Qxd6 29. Qb3 Qd3+ 30. Kg2 Nh4+ 31. Kh3 Nxf3 32. Re3 Qf5+ 33. Kg2 Qg4+ 34. Kf1 Nd2+ 0-1